000 01373cam a2200409 4500
999 _c24054
_d24054
001 vtls011828112
005 20251113121447.0
008 210624s2018 xo er 000 f slo
020 _a9788022209786
_q(viazané)
035 _a4DD1D829-793C-4C17-B8FD-E5C4247088D3
035 _aurn:nbn:sk:snk-am3id1e
035 _aurn:nbn:sk:snk-am00e3xt
040 _aSNK
_bslo
_cSNK
_erda
041 1 _aslo
_hger
044 _axo
_cSK
072 7 _a821.112.2-3
_xNemecká próza, nemecky písaná
_2konspekt
080 _a821.112.2-31
_22011
080 _a(0:82-312.4)
_22011
100 1 _aFitzek, Sebastian,
_d1971-
_4aut
_95293
240 1 0 _aFlugangst 7A
_lSlovensky
245 1 0 _aStrach z lietania
_cSebastian Fitzek ; z nemeckého originálu Sebastian Fitzek: Flugangst 7A ... preložil Michal Homola
250 _aVydanie I.
264 1 _aBratislava
_bTatran
_c2018
300 _a347 strán
_c22 cm
336 _atext
_btxt
_2rdacontent
337 _abez média
_bn
_2rdamedia
338 _azväzok
_bnc
_2rdacarrier
490 1 _aMimo zákona
_v16. zväzok
655 7 _anemecké romány
_2SNKPH
_92380
655 7 _atrilery (romány)
_2SNKPH
_92135
655 7 _aGerman fiction
_2SNKPHeng
_92379
655 7 _aThrillers (novels)
_2SNKPHeng
_91722
700 1 _aHomola, Michal
_4trl
_95294
958 _aLX
958 _aUP